| 000 | 00521nam a2200193 a 4500 | ||
|---|---|---|---|
| 001 | 1773825107102 | ||
| 003 | YourLibrary | ||
| 005 | 20260318144534.0 | ||
| 008 | 260318s2008##################000#0#eng## | ||
| 020 | _a9780195693508 | ||
| 082 | 0 | 4 | _a338.1851GUL |
| 100 | 1 |
_aFan, Shenggen, _eauthor. |
|
| 245 | 1 | 0 | _aThe Dragon and the Elephant : |
| 260 |
_bOxford University Press, USA, _c2008. |
||
| 300 | _a548 pages | ||
| 650 | 0 | _aAgriculture and state. | |
| 942 | _cENGLISH | ||
| 040 |
_aYourLibrary _beng _cYourLibrary |
||
| 999 |
_c617837 _d617837 |
||